000 00562nam a2200181Ia 4500
008 100920s9999 xx 000 0 und d
082 _b101942
_a520 0
100 _aसाठवणे पां आ.
245 _aचुंबक चिकित्सा.
260 _bसाठवणे पां.आ;नागपूर.
_c0
300 _a80
_bसाधी
365 _b0
520 _aशाअ.
630 _aचुंबक चिकित्सा.
650 _aशाअ.
730 _aचुंबक चिकित्सा.
942 _cBOOK
999 _c742375
_d742372